Представление документа в формате RUSMARC

ПолеНазваниеЗначение
  Тип записи i
  Библиографический уровень m
001 Контрольный номер RU/IS/BASE/413052088
005 Дата корректировки 20201206204844.8
010 Индекс ISBN __
a ISBN 978-5-9677-1402-3
d Цена 148-68
101 Язык документа 0_
a Язык текста rus
200 Заглавие и сведения об ответственности 1_
a Заглавие Литература русской эмиграции
e Сведения, относящиеся к заглавию [аудиокнига]
f Первые сведения об ответственности [читают: Владимир Еремин, Владимир Герасимов]
b Общее обозначение материала Звукозапись
210 Выходные данные __
a Место издания М.
c Издательство 1С-Паблишинг
d Дата издания 2010
215 Физическое описание __
a Объем 1 электрон. опт. диск (Audio CD) (06 ч. 15 мин.)
225 Серия __
a Серия 1С: Аудиокниги
300 Общие примечания __
a Общие примечания MS Windows ; Pentium 100 ; RAM 16 Mb ; монитор SVGA, 800х600 ; устройство чтения CD/DVD-ROM ; звуковая карта ; колонки ; наушники ; мышь ; AudioCD формата mp3 ; 192 Kbps ; 16 bit ; 44.0 kHz ; stereo
323 Примечание о главных создателях, исполнителях, участниках __
a Примечание о главных создателях, исполнителях, участниках Еремин, В. (читает)
323 Примечание о главных создателях, исполнителях, участниках __
a Примечание о главных создателях, исполнителях, участниках Герасимов, В. (читает)
327 Примечание о содержании __
a Примечание о содержании Окаянные дни / И. Бунин
327 Примечание о содержании __
a Примечание о содержании Дюжина ножей в спину революции / А. Аверченко
330 Аннотация __
a Аннотация Книгу "Окаянные дни" Иван Алексеевич Бунин писал в форме дневниковых заметок в Москве и Одессе в 1918-1919 гг. Революция, гражданская война... Рушится все, на чем держалась жизнь, что казалось незыблемым. Добро и зло смешались, и уже не отличить правду ото лжи, реальность - от слухов и домыслов. Острее других весь ужас происходящего перелома чувствует писатель... "Дюжина ножей в спину революции" - сборник рассказов "короля смеха" Аркадия Тимофеевича Аверченко. В основе их сюжетов - первые месяцы после революции 1917 г., которую Аверченко категорически не принял, связывая с ней умирание традиционной культуры, старого уклада жизни. Из любви автора к России, к добропорядочным людям, к их чистоте, уму и глубоким чувствам родилась ненависть к силе, сметающей все на своем пути...
333 Примечание о целевом назначении __
a Примечание о целевом назначении 16+. Для детей старше 16 лет
606 Тематические рубрики __
a Основная рубрика Художественная литература
606 Тематические рубрики __
a Основная рубрика Русская литература XIX в. (произведения)
610 Ключевые слова __
a Ключевые слова рассказы; романы; тема общества; тема революции; тема общества; сатира; сатирические рассказы; тема войны; тема революции; Гражданская война; исторические романы; тема истории
686 Индексы других классификаций __
a Классификационный индекс 84(2=411.2)53-4я04
702 Вторичная интеллектуальная ответственность _1
a Фамилия Бунин
b Имя И. А.
4 Код отношения Автор
4 Код отношения 070
702 Вторичная интеллектуальная ответственность _1
a Фамилия Аверченко
b Имя А. Т.
4 Код отношения Автор
4 Код отношения 070
801 Источник записи _0
a Страна RU
b Организация Муниципальное бюджетное учреждение культуры "Централизованная библиотечная система" г. Сургут (Центральная городская библиотека им. А. С. Пушкина)
g Правила каталогизации КиК/Апакова
801 Источник записи _1
a Страна RU
b Организация Муниципальное бюджетное учреждение культуры "Централизованная библиотечная система" г. Сургут (Центральная городская библиотека им. А. С. Пушкина)
g Правила каталогизации КиК/Апакова
852 Данные о местонахождении __
j Шифр хранения 84(2=411.2)53-4я04
i Авторский знак Л 64
901 Тип документа __
t Тип документа 0
903 Характеристики (МАРС) __
a Дата передачи 20130201
969 Тип издания __
a Тип издания аудиокнига; издание для слепых
990 Данные о заказе (DOS) __
j Количество экземпляров (DOS) 1
h N записи в КСУ для Б/У (DOS) 201302